Score 0/7 Timer 03:00
0 Plays Today
Question Answer Wrong Answers
Known as “The Hoosier State” today, this territory becomes the 19th US state.
1816
Indiana
82.3%
Ohio
8.3%
Michigan
3.8%
Iowa
5.4%
This American naval lieutenant, politician, and presidential candidate, the 68th US Secretary of State under President Barack Obama, is born.
1943
John Kerry
73%
Hillary Clinton
14.8%
Condoleezza Rice
5.3%
Rex Tillerson
5.3%
Located in the town of Chapel Hill, this university, among the oldest public universities in the United States, is chartered.
1789
University of North Carolina
68.1%
Duke University
25.3%
Wake Forest University
4.4%
Appalachian State University
2.2%
Later a key plot element in this 1990 Martin Scorsese film, Jimmy Burke and his associates commit the Lufthansa heist, the largest cash robbery on American soil at that time.
1978
Goodfellas
62.8%
Casino
20.5%
Raging Bull
5.2%
The Departed
9.1%
After his brother abdicates to marry American socialite Wallis Simpson, this British monarch ascends to the throne.
1936
George VI
58.5%
George IV
12.7%
Edward VIII
18.3%
Edward V
9.8%
This revolutionary speaks at the United Nations General Assembly in New York, where he criticizes the UN's inability to confront apartheid in South Africa.
1964
Ernesto “Che” Guevara
58.2%
Toussaint L’Ouverture
17.3%
Emiliano Zapata
15%
Leon Trotsky
7.4%
This country gives notice of withdrawal from the League of Nations amidst international condemnation for their occupation of Ethiopia.
1937
Italy
56.9%
Germany
17.4%
Egypt
16.3%
Turkey
8.2%
Remove Ads.
Support Sporcle.
Get the best of Sporcle when you Go Orange. This ad-free experience offers more features, more stats, and more fun while also helping to support Sporcle. Thank you for becoming a member.

You're not logged in!

Compare scores with friends on all Sporcle quizzes.
OR
Log In

Show Comments

Extras

Top Quizzes Today


Score Distribution

Your Account Isn't Verified!

In order to create a playlist on Sporcle, you need to verify the email address you used during registration. Go to your Sporcle Settings to finish the process.

Report this User

Report this user for behavior that violates our Community Guidelines.

Details: